000 00650nam a2200277Ia 4500
005 20260324134356.0
008 008 260324s9999 xx 000 0 eng d
020 _a9781315039268
037 _aEBOOK
040 _aCRL
040 _beng
040 _cCRL
041 _2eng
041 _aeng
084 _qCRL
100 _aRobert Mallett; Gert Sorensen
_91196579
245 0 _aInternational Fascism, 1919-45
260 _bTaylor and Francis
260 _c2002
365 _a
365 _b80.99
856 _uhttp://www.taylorfrancis.com/books/9781315039268
942 _cEBOOK
999 _c1796614
_d1796614